000 00571nam a2200169Ia 4500
003 IN-BaIIA
008 211028s9999 xx 000 0 eng d
040 _cIIA Library
080 _a520.1(035)
_bASI
110 _aAsiago and Padova Observatories
_915078
245 0 _aAsiago and padova observatories
_cAsiago and Padova Observatories
260 _aPadova
_bAstronomical Observatory of Padova
_c1986
300 _a[various pagings.]
650 _aAstronomy and astrophysics thesaurus
650 _aHandbooks - observatory
_915079
942 _cBK
999 _c8972
_d8972